| 000 | 00468nam a2200181Ia 4500 | ||
|---|---|---|---|
| 008 | 230524s9999 xx 000 0 und d | ||
| 020 | _a9788126515899 | ||
| 082 |
_a658.1015 _bSCH |
||
| 100 | _aRandall S.Schuler | ||
| 245 | 0 | _aStrategic Human Resource Management | |
| 250 | _a2ND | ||
| 260 |
_aNEW DELHI _bBlackwell Publishing _c2007 |
||
| 300 | _aVIII;436 | ||
| 500 | _aQuantity Number: 5 | ||
| 650 | _aManagement | ||
| 700 | _a Susan E.Jackson | ||
| 942 | _cBK | ||
| 999 |
_c46873 _d46873 |
||